000 00424 a2200133 4500
001 ART_10914
005 20260410161732.0
008 260409a
245 1 0 _aEnfoques y herramientas para el control de la gestión financiera
100 1 _aChapto, Alejandro Miguel
700 1 _aFerreira, Eitel
700 1 _aFonseca, Walter
773 0 _tEjecutivos de finanzas
_g- Año 5, Nº 35 (mar. 1987)
_wREV2863
999 _c17944
_d17944